000 01472nam0a22003371 4500
001 rc\4805591
005 20250612222015.0
021 _aRU
_b[60-30573]
035 _a(NLR Aleph) 008875163
090 _a8546847
_c8546847
100 _a20130426d1960 |||y0rusy50 ca
101 1 _arus
_ceng
102 _aRU
105 _aa z |||||
200 1 _aХимия координационных соединений
_fРед. амер. изд. Дж. Бейлар, Д. Буш
_gПер. с англ. О.Н. Адриановой [и др.]
_gПод ред. акад. И.И. Черняева
210 _aМосква
_cИзд-во иностр. лит.
_d1960
215 _a695 с.
_cил.
_d27
300 _aДоп. тит. л.: The chemistry of the coordination compounds. Ed. by John C. Bailar. New York-London, Chapman and Hall, 1956. (Americ. chemical society monograph series)
320 _aБиблиогр. в конце глав
513 0 _aThe chemistry of the coordination compounds
606 _aКомплексные соединения
_xХимия
_2psbo
702 1 _aБуш
_bД.
_4340
702 1 _aАдрианова
_bО.Н.
_4730
702 1 _4340
_7ca
_8rus
_aЧерняев
_bИ. И.
_f1893-1966
_gИлья Ильич
_9271188
_3RU\NLR\AUTH\770271244
702 1 _aБейлар
_bД.Х.
_gДжон Христиан
_4340
801 0 _aRU
_bNLR
_gpsbo
801 1 _aRU
_bELAR
_2rusmarc
852 _aNLR
_j60-7/814
942 _cBOOK
980 _aNB